Loading...
Science - Other Science | 5 | 3 | 2 | 1 | 95 | 16 | 61.88 | 3 | 8 |
Science - Physics | 0 | 5 | 2 | 2 | 40 | 54 | 94.60 | 3 | 5 |
Social Science | 0 | 4 | 1 | 1 | 35 | 91 | 105.25 | 0 | 4 |
Philosophy | 1 | 1 | 1 | 1 | 20 | 69 | 103.00 | 0 | 2 |
Current Events | 0 | 2 | 0 | 0 | 20 | 79 | 100.00 | 2 | 2 |
Science - Biology | 1 | 1 | 1 | 0 | 20 | 72 | 95.00 | 0 | 2 |
Literature - American Literature | 0 | 1 | 0 | 0 | 10 | 118 | 118.00 | 0 | 1 |
History - Ancient History | 0 | 1 | 0 | 0 | 10 | 125 | 125.00 | 0 | 1 |
Mythology | 0 | 1 | 0 | 0 | 10 | 133 | 133.00 | 1 | 1 |
Science - Chemistry | 0 | 1 | 1 | 0 | 5 | 124 | 124.00 | 0 | 1 |
Religion | 0 | 1 | 1 | 0 | 5 | 97 | 97.00 | 1 | 1 |
Fine Arts - Visual Fine Arts | 0 | 1 | 2 | 0 | 0 | 148 | 148.00 | 0 | 1 |
Geography | 0 | 0 | 2 | 0 | -10 | 0.00 | 0 | 0 |